000 00456nam a2200157 a 4500
001 000032779
005 20200930065829.0
008 110726s1951 dr 000 0 spa d
040 _aDO-SdBNP
_bspa
_cBNPHU
041 1 7 _afre
100 1 _aM. Jan, Magr. J.
_958611
245 1 0 _aLes congregations religieuses a Saint-Domingue 1681-1793 /
_cMagr. J. M. Jan.
260 _aHaiti :
_bHenri Dechamps,
_c1951.
300 _a234, vii p. ;
_c24 cm.
049 _aBNPD
999 _c32270
_d32270